000 00293nam a2200121Ia 4500
008 190216s9999||||xx |||||||||||||| ||und||
100 _a"Serway,Jewett"
245 0 _aPhysics A Calculus-Based Approach
260 _bCengage Learning
_c2008
300 _a1057
650 _aPhysics
942 _cBK
999 _c34590
_d34590